Library Banner

Chakbast = چکبست / (Record no. 122205)

MARC details
000 -LEADER
fixed length control field 00449nam a22001457a 4500
005 - DATE AND TIME OF LATEST TRANSACTION
control field 20210506151850.0
008 - FIXED-LENGTH DATA ELEMENTS--GENERAL INFORMATION
fixed length control field 210506b ||||| |||| 00| 0 eng d
040 ## - CATALOGING SOURCE
Transcribing agency PK-LaUMT
082 ## - DEWEY DECIMAL CLASSIFICATION NUMBER
Classification number RHC 891.4398
Item number RAM-C
100 ## - MAIN ENTRY--PERSONAL NAME
Personal name Ram Lal Nabhawi = رام لعل نابھوی
245 ## - TITLE STATEMENT
Title Chakbast = چکبست /
Statement of responsibility, etc by Ram Lal Nabhawi = رام لعل نابھوی
260 ## - PUBLICATION, DISTRIBUTION, ETC. (IMPRINT)
Place of publication, distribution, etc New Dehli :
Name of publisher, distributor, etc Taraqqi Urdu Bureaue,
Date of publication, distribution, etc 1992
300 ## - PHYSICAL DESCRIPTION
Extent 191 p.
942 ## - ADDED ENTRY ELEMENTS (KOHA)
Koha item type Books
Holdings
Withdrawn status Lost status Damaged status Home library Current library Date acquired Full call number Barcode Date last seen Price effective from Koha item type
      UMT Main Campus UMT Main Campus 2021-05-06 RHC 891.4398 RAM-C 137567 2021-05-06 2021-05-06 Books